| 000 | 00859nam a2200229Ii 4500 | ||
|---|---|---|---|
| 008 | 221202s xx 000 0 und d | ||
| 245 | 0 |
_aSubseafloor Biosphere Linked to Hydrothermal Systems : _b TAIGA Concept |
|
| 264 | 1 |
_aCham _bSpringer Nature _c2015 |
|
| 300 | _a1 online resource (666 pages) | ||
| 336 |
_atext _btxt _2rdacontent |
||
| 337 |
_acomputer _bc _2rdamedia |
||
| 338 |
_aonline resource _bcr _2rdacarrier |
||
| 520 | _aOceanography; Biogeosciences; Geochemistry | ||
| 653 | _aBiogeosciences | ||
| 653 | _aGeochemistry | ||
| 653 | _aOceanography | ||
| 700 | 1 | _aIshibashi, Jun-ichiro | |
| 700 | 1 | _aOkino, Kyoko | |
| 700 | 1 | _aSunamura, Michinari | |
| 856 |
_uhttps://docs.google.com/spreadsheets/d/1yKIrdCPDAG_9c22mwoOIO2DOhtj65Wqa/edit?usp=sharing&ouid=106555315294820607512&rtpof=true&sd=true _yList of Curated E-Books |
||
| 942 | _cE-BOOK | ||
| 999 |
_c96854 _d96851 |
||